| 000 | 00710nam a2200205 a 4500 | ||
|---|---|---|---|
| 003 | 0 | ||
| 005 | 20250328154324.0 | ||
| 008 | 050809s19uu xx 00 eng d | ||
| 050 |
_aPGS BF 531.M87 _b.C121 2005 |
||
| 100 | _aCadar, Salman Z. | ||
| 245 |
_aEffects of music on moods / _cSalman Z. Cadar. |
||
| 260 |
_aLas PiƱas City, Philippines : _bSouthville International School and Colleges, _c2005. |
||
| 300 |
_a20 pages : _billustrations ; _c28 cm. |
||
| 504 | _aIncludes bibliographical references. | ||
| 650 |
_aMusic _vPsychological aspects. |
||
| 650 |
_aMusic _vPhysiological aspects. |
||
| 650 | _aMusic and emotions in children. | ||
| 650 | _aMood (Psychology) in children. | ||
| 942 |
_2lcc _cPASS |
||
| 999 |
_c97348 _d97348 |
||